Mots finissant par un "C" de A à Z - Statistiques

Statistiques générales
  • Ce quiz a été pris 81 fois
    78 depuis la dernière actualisation
  • Le résultat moyen est 16 sur 23
Statistiques - réponses
Lettre Définition Mot finissant par C % Correct
H Toile ou filet suspendu des deux côtés, sur lequel on peut dormir {Hama}c
99%
D Titre le plus élevé parmi la noblesse sous l'Ancien Régime. {Du}c
96%
F Mammifère d'Afrique du Nord, aussi appelé renard des sables, à grandes oreilles pointues. {Fenne}c
93%
C Substance élastique, imperméable, provenant du latex de certaines plantes ou fabriquée artificiellement. {Caoutchou}c
91%
I Personne qui renseigne la police en échange d'argent ou de protection. {Indi}c
91%
T Échange direct d'un bien contre un autre. {Tro}c
91%
E Organe en forme de poche dans lequel les aliments sont brassés et transformés en chyme. {Estoma}c
90%
B Film retraçant la vie d'un personnage célèbre. {Biopi}c
89%
R Masse pierreuse lourde et dense, solidement accrochée au sol. {Ro}c
81%
V Pont de grande longueur servant au passage d'une voie ferrée, d'une route. {Viadu}c
80%
Z Métal dur d'un blanc bleuâtre, utilisé pour sa bonne résistance à la corrosion par l'eau. {Zin}c
80%
L Nom scientifique pour désigner un ver de terre. {Lombri}c
79%
G Canalisation qui transporte du gaz naturel sur de très longues distances. {Gazodu}c
71%
A Canal destiné à capter et à conduire l'eau d'un lieu à un autre. {Aquedu}c
70%
S Liquide susceptible d'être extrait des tissus animaux ou végétaux. {Su}c
70%
O Désigne le nombril. {Ombili}c
69%
P Prévision faite par le médecin sur l'évolution et l'aboutissement d'une maladie. {Pronosti}c
69%
N Trafic de stupéfiants. {Narcotrafi}c
56%
U Versant d'une montagne exposé au nord (opposé à adret). {Uba}c
51%
J Bracelet ou bague dont tout le tour est d'épaisseur égale. {Jon}c
50%
W Documentaire à contenu multimédia créé pour être diffusé sur Internet. {Webdo}c
24%
M (Familier) Confusion et manque de clarté. {Micma}c
21%
K Plante d'Asie du Sud-Est, cultivée pour son rhizome tubéreux qui fournit une farine riche en fibres et peu calorique. {Konja}c
10%
Aucun quiz correspondant
Distribution des résultats
% des personnes avec chaque résultat
Percentile par nombre de réponses
Votre historique - résultats
Vous n’avez pas pris ce quiz depuis la dernière actualisation